<?xml version="1.0" encoding="UTF-8"?>
<collection xmlns="http://www.loc.gov/MARC21/slim">
 <record>
  <leader>00554pamaa2200181   4500</leader>
  <controlfield tag="001">0000018810</controlfield>
  <controlfield tag="005">20060529090000.0</controlfield>
  <datafield tag="020" ind1="0" ind2="0">
   <subfield code="a">0030128986 </subfield>
  </datafield>
  <datafield tag="082" ind1=" " ind2=" ">
   <subfield code="a">659.1ADV</subfield>
  </datafield>
  <datafield tag="090" ind1="0" ind2="0">
   <subfield code="a">HF5837 </subfield>
   <subfield code="b">ADV 1996</subfield>
  </datafield>
  <datafield tag="245" ind1="0" ind2="0">
   <subfield code="a">ADVERTISING campaign strategy : </subfield>
   <subfield code="b">a guide to marketing communication plans  </subfield>
   <subfield code="c">Donald Parente ... [et al.],.</subfield>
  </datafield>
  <datafield tag="260" ind1="0" ind2="0">
   <subfield code="a">Forth Worth: </subfield>
   <subfield code="b">Dryden Press, </subfield>
   <subfield code="c">1996.</subfield>
  </datafield>
  <datafield tag="300" ind1=" " ind2=" ">
   <subfield code="a">xx, 363p.25cm.</subfield>
  </datafield>
  <datafield tag="650" ind1="0" ind2="0">
   <subfield code="a">Communications in marketing </subfield>
  </datafield>
  <datafield tag="650" ind1="0" ind2="0">
   <subfield code="a">Advertising </subfield>
  </datafield>
  <datafield tag="700" ind1="1" ind2="1">
   <subfield code="a">Parente, </subfield>
   <subfield code="h">Donald </subfield>
  </datafield>
  <datafield tag="700" ind1="1" ind2="1">
   <subfield code="a">BERG, </subfield>
   <subfield code="h">Bruce Vanden </subfield>
  </datafield>
  <datafield tag="700" ind1="1" ind2="1">
   <subfield code="a">BARBAN, </subfield>
   <subfield code="h">Arnold </subfield>
  </datafield>
 </record>
</collection>
